000 00328nam a22001457a 4500
008 221007b ||||| |||| 00| 0 eng d
020 _a0721628095
041 _aeng
080 _20721628095
_a61
082 _a61HAB
100 _a9
101 _aINF
245 _aBONE GRAFTS BONE SUBSTITUTES
_cHABAL&REDDI
942 _2udc
_cBK
999 _c58414
_d58414